The optimal international division of labour
Αποθηκεύτηκε σε:
| Κύριος συγγραφέας: | |
|---|---|
| Μορφή: | Βιβλίο |
| Γλώσσα: | Undetermined |
| Έκδοση: |
Geneva
International Labour Office
1975
|
| Θέματα: | |
| Ετικέτες: |
Προσθήκη ετικέτας
Δεν υπάρχουν, Καταχωρήστε ετικέτα πρώτοι!
|
| Thư viện lưu trữ: | Trung tâm Học liệu Trường Đại học Cần Thơ |
|---|
| LEADER | 00525nam a2200181Ia 4500 | ||
|---|---|---|---|
| 001 | CTU_81290 | ||
| 008 | 210402s9999 xx 000 0 und d | ||
| 082 | |a 331.1 | ||
| 082 | |b H551 | ||
| 100 | |a Herman, Bohuslav | ||
| 245 | 4 | |a The optimal international division of labour | |
| 245 | 0 | |c Bohuslav Herman | |
| 260 | |a Geneva | ||
| 260 | |b International Labour Office | ||
| 260 | |c 1975 | ||
| 650 | |a Division of labor,International trade | ||
| 904 | |i Trọng Hải | ||
| 980 | |a Trung tâm Học liệu Trường Đại học Cần Thơ | ||